| 000 | 01708nam a2200385 c 4500 | ||
|---|---|---|---|
| 999 |
_c129529 _d129529 |
||
| 003 | BLK | ||
| 005 | 20220603155413.0 | ||
| 008 | 180409b bul|||||r ||||||| ||bul|| | ||
| 010 | _aKNG00135266000 | ||
| 040 | _aBLK | ||
| 041 |
_aBUL _cBUL |
||
| 080 |
_aЕлектродиагностика _b616-073.7 _z616-073.7 |
||
| 080 |
_aВътрешни болести _b616.1/.4 _z616.1/.4 |
||
| 100 | 1 |
_aБоздуганов, Атанас Георгиев _eпърви автор _9261275 |
|
| 139 | _aБоздуганов, Атанас Георгиев и др. | ||
| 245 | 1 | 0 |
_aПриложения на атомната енергия в медицината _bБеседа _cАтанас Георгиев Боздуганов; * Аксидан Д. Минков. |
| 245 | 1 | 0 |
_aНай-важните болести на сърцето _bБеседа _cАксидан Минков |
| 257 | _aBGR | ||
| 260 |
_aСофия _bНС ОФ _c1966 |
||
| 300 |
_a40 с. _c22 см |
||
| 380 | _a61 | ||
| 490 | 1 |
_aБиблиотека на лектора _vГ. III, кн. 7 |
|
| 490 |
_aВърховен читалищен съвет _9475542 |
||
| 500 | _aАвт. отбелязани в края на кн. - Изд. на ВЧС. - 5 000 тир. | ||
| 650 | 4 |
_aРадиология _9168754 |
|
| 650 | 4 |
_aАтомна енергия - в биологията и медицината _9316816 |
|
| 653 | _aмедицина | ||
| 653 | _aрадиология | ||
| 653 | _aвътрешни болести | ||
| 700 | 1 |
_aМинков, Аксидан Д. _e* _9321757 |
|
| 852 |
_aЦб 39792 _bЦб |
||
| 942 |
_cKNG _n0 _s1 |
||
| 944 |
_aCR _c18.10.2012 _l18.10.2012 - от С1,Р / 18.10.2012 _kКамелия_Данева |
||
| 944 |
_aED _c2022-06-03 _l2022-06-03 _kСТ |
||
| 999 | _d129529 | ||